00492nam a2200193Ia 4500003000400000005001700004008004100021020001800062040000700080041000800087082001500095100002400110245004800134260004000182300001500222365001400237650003100251650001600282OSt20230607152306.0210423s2012 xx 000 0 und d a9788131605523 cAL aeng a361.3 PARS aPARRISH (MARGARETE) aSocial work perspectives on human behaviour aNew DelhibRawat Publicationsc2012 axv,305bPB b1100cINR aSocial Problems & Services aSocial Work